000 00750nam a2200229 i 4500
001 10090
003 ES-MaACL
005 20230906145822.0
007 t|
008 950208s1993 sp ||||1| spa d
020 _a84-85433-08-4
080 _a262.13 Pio XII
080 _a929.7
100 0 _aOliveira, Plinio Corrêa de.
_986795
245 1 0 _aNobleza y élites tradicionales análogas en las alocuciones de Pio XII al Patriciado y a la Nobleza romana /
_cPlinio Corrêa de Oliveira.
250 _a[2ª ed.].
260 _aMadrid :
_bFernando III el Santo,
_c1993.
300 _a327 p. :
_bil. ;
_c29 cm.
600 0 4 _aPío
_bXII,
_cPapa-
_xPensamiento social.
_992301
650 1 4 _aNobleza.
_915574
852 _aES-MaACL
_jL-17595
_bR.123528
999 _c10090
_d10090